Culture Générale #21 - Statistiques

Statistiques générales
  • Ce quiz a été pris 105 fois
  • Le résultat moyen est 12 sur 20
Statistiques - réponses
Hint Réponse % Correct
Combien de planètes composent le système solaire ? 8
91%
Originellement connue sous le nom de Bytown, quel est le nom actuel de la capitale du Canada ? Ottawa
82%
Quel anglicisme désigne le fait de faire défiler un contenu sur un écran informatique ? Scroller
81%
Dans l’appareil digestif, quel tube transporte les aliments solides vers l’estomac ? Oesophage
79%
Quel sport utilise les termes “birdie”, “eagle” et “bogey” ? le Golf
75%
Quel est le plus long fleuve du monde ? l'Amazone
74%
Quel homme d'État français est à l'origine des lois sur l’école publique laïque, gratuite et obligatoire ? Jules Ferry
73%
Quel légume peut avoir des variétés appelées vitelotte, bintje, Charlotte ou encore ratte du Touquet ? Pomme de terre
69%
Quelle phrase est associée au dessin animé Pokémon ? Attrapez-les tous !
67%
Dans quel sport remet-on depuis 1967, un prix surnommé "la coupe aux grandes oreilles" ? Football
62%
Prenant place dans le monde imaginaire d’Azeroth, quel MMORPG sorti le 23 novembre 2004 est abrégé par les lettres WoW ? World of Warcraft
62%
Qui a été le dernier tsar à régner sur la Russie ? Nicolas II
61%
Quel perchiste est l'actuel recordman du monde de sa discipline avec 6,30 mètres franchis ? Armand Duplantis
59%
Quel détroit sépare l’Asie de l’Amérique du Nord ? Détroit de Béring
51%
À quel auteur doit-on Don Quichotte ? Miguel de Cervantes
48%
Quel est le jeu vidéo le plus vendu de tout les temps ? Minecraft
47%
Comment s’appelle le processus biologique par lequel les cellules se divisent pour former deux cellules identiques ? Mitose
35%
Quel spécialiste de la santé faut-il consulter en priorité pour traiter des pétéchies ? Dermatologue
27%
Qui est le réalisateur du film "Memories of Murder" sortie en 2003 ? Bong Joon-Ho
20%
A quel groupe de rock anglais doit-on l'album "The Queen Is Dead" sortie en 1986 ? The Smiths
8%
Aucun quiz correspondant
Distribution des résultats
% des personnes avec chaque résultat
Percentile par nombre de réponses
Votre historique - résultats
Vous n’avez pas pris ce quiz